000 01494nam a22001337a 4500
999 _c530157
_d530157
008 250529b ||||| |||| 00| 0 eng d
100 _aMayer, Duncan J.
_953895
245 _aConnecting founding and dissolution: A demographic study of the US nonprofit sector
260 _aPublic Administration Review
300 _a85(2), Mar, 2025: p.296-307
520 _aDespite a rich literature on nonprofit density, the founding and dissolution of nonprofit organizations remains poorly understood. This study explores the founding and dissolution in nonprofit populations including density dependence, resource concentration, government size, and hypothesizes that dissolution creates an entrepreneurial opportunity. The hypotheses are tested using county level data covering the continental US from 2010 to 2016 (N = 21,756). The results show government size, competition, and resource concentration are important for understanding founding and dissolution, and establishes strong support for a link between the events: a one standard deviation increase in the number of dissolutions in a county predicts an increase of 1.5% (CI: .72–2.31) in the nonprofit founding rate. The study highlights ways for public officials to support nonprofit entrepreneurship and calls for renewed interest in ecological applications in contemporary nonprofit populations.- Reproduced https://onlinelibrary.wiley.com/doi/10.1111/puar.13825
773 _aPublic Administration Review
942 _cAR